Famous Mediterranean Islands - Statistics

General Stats
  • This quiz has been taken 71 times
  • The average score is 12 of 18
Answer Stats
Hint Answer % Correct
Largest island, the birthplace of the Mafia Sicily
100%
Home to the ancient Minoan civilization Crete
97%
Island nation partially occupied by Turkey Cyprus
95%
Where Napoleon was born Corsica
94%
Spanish party island Ibiza
92%
Once home to the Colossus Rhodes
92%
Another island nation, known for its knights Malta
89%
Large Italian island with many centenarians Sardinia
89%
The largest of Spain's Balearic Islands Mallorca
86%
Where he was exiled Elba
73%
Picturesque Greek volcanic island Santorini
65%
Large Croatian island with no vowels in its name Krk
51%
City situated across a group of 118 islands Venice
44%
Its Greek counterpart Mykonos
37%
It took Odysseus ten years to get there Ithaca
32%
Volcanic island with impressive explosive eruptions Stromboli
22%
Popular spa resort near Naples Ischia
21%
Famous statue at the Louvre: Aphrodite of _____ Milos
14%
No matching quizzes found
Score Distribution
Percent of People with Each Score
Percentile by Number Answered
Your Score History
You have not taken this quiz